Online Catalogue and eLibrary

Suvadi arruppadai-3 (Record no. 1303)

MARC details
000 -LEADER
fixed length control field 00392nam a2200145Ia 4500
005 - DATE AND TIME OF LATEST TRANSACTION
control field 20250408024712.0
008 - FIXED-LENGTH DATA ELEMENTS--GENERAL INFORMATION
fixed length control field 240331s9999 xx 000 0 und d
082 ## - DDC Classification
Class No. 010
Item Number - Author Mark JAM
100 ## - MAIN ENTRY--PERSONAL NAME
Personal name Jameel, S.H.M
245 #0 - TITLE STATEMENT
Title Suvadi arruppadai-3
260 ## - PUBLICATION, DISTRIBUTION, ETC.
Place of publication, distribution, etc. Kalmunai
Name of publisher, distributor, etc. Islamic Book Publishing Centre
Date of publication, distribution, etc. 1997
300 ## - PHYSICAL DESCRIPTION
Extent (e.g. Volumes, Pages etc.) 224 p .,
500 ## - GENERAL NOTE
General note Bibliography of books by Sri Lankan Muslims
942 ## - Koha item type (Biblio)
Koha item type Books in Stacks (Lending)
Holdings
Lost status Damaged status Collection code Home library Current library Shelving location Date acquired Full call number Accession Number Item type
    Lending WERC Library WERC Library Social Science Cupboard 03/31/2024 010 JAM 4303 Books in Stacks (Lending)

© WERC Library